<?phpxml version="1.0" encoding="ISO-8859-1"?>
 <collection>
  

 
<record>
 <datafield tag="088" ind1="" ind2="">
  <subfield code="a">Glerum_WDCA_11</subfield> 
  </datafield>
<datafield tag="909" ind1="C" ind2="0">
<subfield code="p">TRANSP-OR</subfield>
</datafield>
<datafield tag="980" ind1="" ind2="">
<subfield code="a">TALK</subfield>
</datafield>
 <datafield tag="700" ind1="" ind2="">
  <subfield code="a">Glerum, Aurélie</subfield> 
  </datafield>
 <datafield tag="700" ind1="" ind2="">
  <subfield code="a">Bierlaire, Michel</subfield> 
  </datafield>
<datafield tag="245" ind1="" ind2="">
<subfield code="a">
Models capturing latent constructs</subfield>
</datafield>
<datafield tag="260" ind1="" ind2="">
<subfield code="c">2011</subfield>
</datafield>
<datafield tag="711" ind1="2" ind2="">
<subfield code="a">
Seventh workshop on discrete choice models</subfield>
<subfield code="c">
EPFL, Lausanne, Switzerland</subfield>
<subfield code="d">August 25, 2011</subfield>
</datafield>
<datafield tag="520" ind1="" ind2="">
<subfield code="a">
In the context of the development of hybrid choice models (HCM), we are interested in understanding better how to design models which can account for the latent information contained in new data types (psychometrics, data from smartphones, etc.) for which there is a growing interest. Conversely, we also focus on establishing learnings from these models in order to better design surveys which are adapted to these new data.</subfield>
</datafield>
  </record>



  </collection>
